Altagracia Saviñón o la discontinuidad del instante / (Registro nro. 14143)

Detalles MARC
000 -LEADER
fixed length control field 00874nam a2200265 a 4500
001 - CONTROL NUMBER
control field 000010581
003 - CONTROL NUMBER IDENTIFIER
control field DO-SdBNP
005 - DATE AND TIME OF LATEST TRANSACTION
control field 20220405132223.0
008 - FIXED-LENGTH DATA ELEMENTS--GENERAL INFORMATION
fixed length control field 091008s1998 dr 000 e spa d
040 ## - CATALOGING SOURCE
Original cataloging agency DO-SdBNP
Language of cataloging spa
Transcribing agency BPMSU
082 ## - DEWEY DECIMAL CLASSIFICATION NUMBER
Classification number RD861.44
Item number N124A 1998
Edition number 22
100 1# - MAIN ENTRY--PERSONAL NAME
Personal name Nacidit-Perdomo, Ylonka,
Dates associated with a name 1965-
245 10 - TITLE STATEMENT
Title Altagracia Saviñón o la discontinuidad del instante /
Statement of responsibility, etc. Ylonka Nacidit-Perdomo.
260 ## - PUBLICATION, DISTRIBUTION, ETC. (IMPRINT)
Place of publication, distribution, etc. Santo Domingo :
Name of publisher, distributor, etc. Centro de Solidaridad para el Desarrollo de la Mujer,
Date of publication, distribution, etc. 1998.
300 ## - PHYSICAL DESCRIPTION
Extent 58 p. ;
Dimensions 18 cm.
490 0# - SERIES STATEMENT
Series statement Ventana
500 ## - GENERAL NOTE
General note Incluye referencias bibliográficas y notas al pie de las páginas.
504 ## - BIBLIOGRAPHY, ETC. NOTE
Bibliography, etc Bibliografía: p. 55-58
590 ## - LOCAL NOTE (RLIN)
Local note Inventariado, 2022
650 #4 - SUBJECT ADDED ENTRY--TOPICAL TERM
Topical term or geographic name as entry element Ensayos dominicanos
650 #4 - SUBJECT ADDED ENTRY--TOPICAL TERM
Topical term or geographic name as entry element Literatura dominicana.
650 #4 - SUBJECT ADDED ENTRY--TOPICAL TERM
Topical term or geographic name as entry element Poesía dominicana
910 ## - USER-OPTION DATA (OCLC)
User-option data VMateo V.
942 ## - ADDED ENTRY ELEMENTS (KOHA)
Source of classification or shelving scheme Dewey Decimal Classification
Koha item type Libros
Existencias
Withdrawn status Lost status Source of classification or shelving scheme Damaged status Not for loan Collection code Home library Current library Date acquired Total Checkouts Full call number Barcode Date last seen Price effective from Koha item type
    Dewey Decimal Classification     Colección Dominicana Biblioteca Pública Metropolitana Salomé Ureña Biblioteca Pública Metropolitana Salomé Ureña 04/05/2022   BPMSU CD RD861.44 N124A 1998 BPMSU22040013 04/05/2022 04/05/2022 Libros